000 01125pam a2200349 i 4500
999 _c66066
_d66066
001 768714001
003 CO-MdFUSB
005 20200810110005.0
007 ta
008 950206s2011 mau b 000 0 eng
010 _a 95004249
020 _a1565631315
040 _aDLC
_cCO-MdFUSB
_dDLC
_dCO-MdFUSB
_bspa
_erda
041 _aeng
082 0 0 _223
_a477
_bS824
100 1 _aStelten, Leo F.,
_d1925-
_eautor
245 1 0 _aDictionary of ecclesiastical Latin :
_bwith an appendix of Latin expressions defined and clarified /
_cLeo F. Stelten.
264 1 _aPeabody, Mass :
_bHendrickson Publishers,
_c[2011]
264 4 _c© 2011
300 _axiv, 330 páginas ;
_c24 cm.
336 _2rdacontent
_atexto
_btxt
337 _2rdamedia
_asin mediación
_bn
338 _2rdacarrier
_avolumen
_bnc
504 _aIncluye referencias bibliográficas (páginas 329 -330).
505 _aPrefacio. - Abreviaturas. - Diccionario. - Apéndice. - Bibliografía
563 _aRústico
653 _aBiblia diccionarios
942 _cBK
945 _aJTF-925